000 00661nam a2200289Ia 4500
005 20260324134536.0
008 008 260324s9999 xx 000 0 eng d
020 _a9780203900253
037 _aEBOOK
040 _aCRL
040 _beng
040 _cCRL
041 _2eng
041 _aeng
084 _qCRL
100 _aCharles K. Wolfe
_91197209
245 0 _aClassic Country
245 0 _bLegends of Country Music
260 _bTaylor and Francis
260 _c2001
365 _a
365 _b185
856 _uhttp://www.taylorfrancis.com/books/9780203900253
942 _cEBOOK
999 _c1797413
_d1797413